| 000 | 00786nam a22002777a 4500 | ||
|---|---|---|---|
| 999 |
_c329599 _d329599 |
||
| 001 | 2066023 | ||
| 003 | NUST | ||
| 005 | 20170616093243.0 | ||
| 008 | 941013s1993 pk 000 0 urdo | ||
| 010 | _a 93930809 | ||
| 020 |
_a9693503317 : _cRs120.00 |
||
| 025 | _aP-U-028789 | ||
| 040 |
_aDLC _cDLC |
||
| 042 | _alcode | ||
| 050 | 0 | 0 | _aMLCSA 94/01537 (P) |
| 082 |
_a891.4393 _bBUT |
||
| 100 | 0 |
_aRaz̤iyah Baṭ. _9756 |
|
| 245 | 1 | 0 |
_aMasarraton̲ kā shahr : _bnāvil / _cRaz̤iyah Baṭ. |
| 260 |
_aLāhore : _bSang-i Mīl Pablīkeshanz, _c1993. |
||
| 300 |
_a269 p. ; _c22 cm. |
||
| 500 | _aNovel. | ||
| 500 | _aIn Urdu. | ||
| 650 |
_aUrdu Literature _9347 |
||
| 880 |
_6100-01\(3\r _aرضیہ بٹ |
||
| 880 |
_6245-02\(3\r _aمسرتوں کا شہر _cرضیہ بٹ |
||
| 880 |
_6260-03\(3\r _aلاہور: _bسنگ میل پبلی کیشنز، _c2005 |
||
| 906 |
_a7 _bcbc _corigode _du _encip _f19 _gy-gencatlg |
||
| 942 |
_2ddc _cBK |
||